00748nam a2200241Ia 4500003000400000005001700004008004100021020002200062040000700084041001200091082001800103100002300121245001400144260005900158300002400217365001300241650003100254650002200285906001400307942001200321999001900333952015400352OSt20250719155827.0210423s2013 xx 000 0 und d a978-93-921355-1-9 cAL aEnglish a070.43 bTRIR aTrikha N K9108390 aReporting aBhopalbMakhanlal Chaturvedi National Universityc2013 a475p.bPBc23x18cm. b300cINR aJournalism & Media9108391 aReporting9108392 aReporting 2ddccBK c166729d166729 001040708MAJMCaSACPGbSACPGd2015-03-24eBiblios Book Pointg300.00l2m1o070.43 TRIRpPG013230r2022-08-24 00:00:00s2022-02-07w2021-04-26yBK